00241pam a2200109 a 4500020000500000041000500005082001700010100001900027245004400046260002500090300001600115 c h a751.422bHAI aJeans Haines . aWorld of WatercolourhTextual Documents a[s.l]:bSearch Press a176:bHard.